000 00583nam a22001932 4500
001 0000011684
005 20151217155845.0
008 081222s xx 000 0 eng d
040 _aKABU
_cKABU
100 1 _aWienholt, Arnold.
_@0000167652
245 1 4 _aThe Story of a lion hunt /
_cby Arnold Wienholt.
250 _a1st ed.
260 _aLondon :
_bA. Milrose,
_c1922.
300 _a252 p.
650 0 _aWorld War, 1914-1918
_xCampaigns
_zGerman East Africa.
_@0000161449
852 1 _9p500 KES
908 _a081222
950 _@1
999 _c13328
_d13328